<?xml version="1.0" encoding="UTF-8"?><?xml-stylesheet type="text/xsl" href="static/style.xsl"?><OAI-PMH xmlns="http://www.openarchives.org/OAI/2.0/" xmlns:xsi="http://www.w3.org/2001/XMLSchema-instance" xsi:schemaLocation="http://www.openarchives.org/OAI/2.0/ http://www.openarchives.org/OAI/2.0/OAI-PMH.xsd"><responseDate>2026-06-01T04:34:10Z</responseDate><request verb="GetRecord" identifier="oai:riuma.uma.es:10630/12137" metadataPrefix="marc">https://riuma.uma.es/rest/oai/request</request><GetRecord><record><header><identifier>oai:riuma.uma.es:10630/12137</identifier><datestamp>2026-02-03T12:03:16Z</datestamp><setSpec>com_10630_2254</setSpec><setSpec>col_10630_37959</setSpec></header><metadata><record xmlns="http://www.loc.gov/MARC21/slim" xmlns:dcterms="http://purl.org/dc/terms/" xmlns:doc="http://www.lyncode.com/xoai" xmlns:xsi="http://www.w3.org/2001/XMLSchema-instance" xsi:schemaLocation="http://www.loc.gov/MARC21/slim http://www.loc.gov/standards/marcxml/schema/MARC21slim.xsd">
   <leader>00925njm 22002777a 4500</leader>
   <datafield ind2=" " ind1=" " tag="042">
      <subfield code="a">dc</subfield>
   </datafield>
   <datafield ind2=" " ind1=" " tag="720">
      <subfield code="a">López-Guerrero, María del Mar</subfield>
      <subfield code="e">author</subfield>
   </datafield>
   <datafield ind2=" " ind1=" " tag="720">
      <subfield code="a">Vereda-Alonso, Elisa Isabel</subfield>
      <subfield code="e">author</subfield>
   </datafield>
   <datafield ind2=" " ind1=" " tag="720">
      <subfield code="a">Siles-Cordero, María Teresa</subfield>
      <subfield code="e">author</subfield>
   </datafield>
   <datafield ind2=" " ind1=" " tag="720">
      <subfield code="a">García-de-Torres, Amparo</subfield>
      <subfield code="e">author</subfield>
   </datafield>
   <datafield ind2=" " ind1=" " tag="720">
      <subfield code="a">Cano-Pavón, José Manuel</subfield>
      <subfield code="e">author</subfield>
   </datafield>
   <datafield ind2=" " ind1=" " tag="260">
      <subfield code="c">2016-10-04</subfield>
   </datafield>
   <datafield ind2=" " ind1=" " tag="520">
      <subfield code="a">A rapid and easy method has been developed for separation, pre-concentration and determination of arsenic by ﬂow injection solid phase extraction coupled with on-line chemical vapour generation inductively coupled plasma mass spectrometry (ICP MS). Fe3O4 magnetic nanoparticles (MNPs) modified with [1,5-bis (2-pyridyl)-3-sulphophenyl methylene] thiocarbonohydrazide (PSTH) were synthetized and employed as a SPE adsorbent to remove the As from natural water.&#xd;
&#xd;
The method has been developed on the basis of selective solid phase extraction (SPE) absorption and highly sensitive ICP MS detection. The main aim of this work was to develop a precise and accurate method for the determination of As from natural water samples (sea water, estuarine, lake and river water) by the on line pre-concentration SPE CVG ICP MS using PSTH-MNPs, with the least demanding and simple sample preparation procedure. Factors affecting the retention and elution of arsenic have been examined. Several variables as sample ﬂow rate, eluent ﬂow rate, eluent concentration and reductant concentration were considered as factors in the optimization process. Interactions between analytical factors and their optimal levels were investigated using three central composite designs. The results showed that the retention of As depend on the chemical characteristics.&#xd;
&#xd;
The procedure has demonstrated to be fast, easy, automatic, selective, low cost and with good sensitivity. The main advantage of PSTH- MNPs is its very good stability and resistance because chemisorption of chelating molecules on the surface of solid supports provides immobility, mechanical stability and insolubility. It costs is low compared with other chelating sorbents.&#xd;
&#xd;
The detection and determination limits, precision and enrichment factor of the method are good. The pre-concentration factor and detection limit can be improved by increasing the pre-concentration time.&#xd;
&#xd;
Acknowledgements The authors thank the Spanish Ministerio de Ciencia y Tecnología (MCyT project no. CTQ2013-44791-P) for supporting this study and also FEDER funds. And Universidad de Málaga, Plan Propio Universidad de Málaga.</subfield>
   </datafield>
   <datafield ind1="8" ind2=" " tag="024">
      <subfield code="a">http://hdl.handle.net/10630/12137</subfield>
   </datafield>
   <datafield ind1="8" ind2=" " tag="024">
      <subfield code="a">http://orcid.org/0000-0001-9502-4424</subfield>
   </datafield>
   <datafield tag="653" ind2=" " ind1=" ">
      <subfield code="a">Espectrometría de plasma de acoplamiento inducido</subfield>
   </datafield>
   <datafield ind2="0" ind1="0" tag="245">
      <subfield code="a">Inductively coupled plasma mass spectrometry study of the retention behavior of arsenic on solid phase extraction and its application</subfield>
   </datafield>
</record>
</metadata></record></GetRecord></OAI-PMH>